| 000 | 00597nam a2200193 i 4500 | ||
|---|---|---|---|
| 001 | 88018 | ||
| 003 | ES-MaACL | ||
| 005 | 20250712081857.0 | ||
| 007 | t| | ||
| 008 | 041230s1929 sp ||||1| fre d | ||
| 100 | 1 |
_aLafon, René. _969499 |
|
| 245 | 1 | 0 |
_aEtudes basques et caucasiques / _cRené Lafon. |
| 260 |
_aSalamanca : _bUniversidad, _c1952 ( _fC. Bermejo) |
||
| 300 |
_a88 p. ; _c26 cm. |
||
| 490 | 1 |
_aActa Salmanticensia. Filosofía y letras ; _vT. V, 2 |
|
| 830 | 0 | 0 |
_aActa Salmanticensia _vT. V, 2 _9181394 |
| 852 |
_aES-MaACL _j1951-F-9 _bR.35239 |
||
| 999 |
_c88018 _d88018 |
||